000
00341nam a2200157Ia 4500
003
OSt
005
20240521122529.0
008
170524s9999 xx 000 0 und d
020
_a
978-0195684513
040
_c
iimtu
100
_a
Nagsarkar-T.K.
245
0
_a
Power System Analysis
260
_b
Oxford
260
_c
2010
942
_2
ddc
_c
02
999
_c
5927
_d
5927